00636 2200241 4500001002100000005001500021035002000036007000300056008004100059020002200100082000800122084001400130100002300144245009000167250001000257260003600267300002500303650001800328990001200346990001200358990001200370990001200382INLIS00000000000039720170928103610 a0010-0917000383ta170928 f 0 ind  a978-979-433-825-4 a297 a297 SHI w0 aShihab, M. Quraish1 aWawasan Al Qur'an :bTafsir Tematik Atas Pelbagai Persoalan Umat /cM. Quraish Shihab acet.1 aBandung :bMizan Pustaka,c2014 a764hlm ;c15 x 24 cm aTafsir Hadist a14.967a a14.967b a14.967a a14.967b